Statistics for Римски цареви

Click here to take the quiz!

General Stats

  • This quiz has been taken 134 times
  • The average score is 16 of 84

Answer Stats

ВладавинаЦар% Correct
27 п.н.е – 14 н.е.Октавијан Август
92%
306 - 337Константин I Велики
80%
337 - 340Константин II
80%
54 - 68Нерон
70%
37 - 41Калигула
65%
161 - 180Марко Аурелије
59%
474 - 475Јулије Непот
57%
284 - 305Диоклецијан
56%
379 - 395Теодосије I
53%
402 - 450Теодосије II
53%
41 - 54Клаудије
48%
268 - 270Клаудије II Готски
48%
98 - 117Трајан
43%
249 - 251Трајан Деције
43%
475 - 476Ромул Августул
36%
14 - 37Тиберије
33%
161- 169Луције Вер
31%
222 - 235Александар Север
31%
193 - 211Септимије Север
30%
455Петроније Максим
30%
364 - 375Валентинијан I
25%
375 - 392Валентинијан II
25%
424 - 455Валентинијан III
25%
238Гордијан I
24%
238Гордијан II
24%
238 - 244Гордијан III
24%
117 - 138Хадријан
23%
461 - 465Либије Север
23%
138 - 161Антонин Пије
22%
306 - 307Север II
21%
177 - 192Комод
20%
79 - 81Тит
20%
69 - 79Веспазијан
15%
244 - 249Филип Арабљанин
14%
305 - 306Констанције I Хлор
14%
337 - 361Констанције II
14%
421Констанције III
14%
193Дидије Јулијан
11%
282 - 283Кар
11%
360 - 363Јулијан II
10%
69Отон
9%
81 - 96Домицијан
9%
306 - 312Максенције
9%
305 - 311Галерије
9%
276 - 282Проб
9%
68 - 69Галба
9%
253 - 260Валеријан
8%
364 - 378Валенс
8%
423 - 425Јован
8%
337 - 350Констанс I
8%
96 - 98Нерва
7%
363 - 364Јовијан
6%
286 - 305Максимијан
6%
275 - 276Тацит
5%
69Вителије
5%
198 - 217Каракала
5%
308 - 324Лициније I
5%
235 - 238Максимин I Трачанин
5%
311 - 313Максимин II
5%
209 - 211Гета
4%
218 - 222Елагабал
4%
193Пертинакс
3%
270 - 275Аурелијан
3%
251 - 253Требонијан Гал
3%
367 - 383Грацијан
3%
393 - 423Хонорије
3%
450 - 457Маркијан
2%
383 - 408Аркадије
2%
253 - 268Галијен
2%
251Хостилијан
2%
238Балбин
1%
238Пупијен
1%
253Емилијан
1%
217 - 218Макрин
1%
457 - 461Мајоријан
1%
270Квинтил
1%
276Флоријан
1%
283 - 284Нумеријан
0%
350Ветранион
0%
455 - 456Авит
0%
467 - 472Антемије
0%
472 - 472Олибрије
0%
473 - 474Глицерије
0%
283 - 285Карин
0%

Score Distribution

Percentile by Number Answered

Percent of People with Each Score

Your Score History

You have not taken this quiz